000 00721nam a2200253Ia 4500
003 OSt
005 20220926001142.0
006 a|||||r|||| 00| 0
007 ta
008 220923b |||||||| |||| 00| 0 eng d
037 _cGeneral Book
040 _aRTL
_cRTL
_beng
041 _2eng
_aeng
082 _aW,32m2,N.N66, K6.40-62
110 _aINDIA, LOK SABHA
_998267
245 0 _aLok sabha debates
_b Index .
260 _a New Delhi
_bLok Sabha Secretariat
_c1966
300 _a444p
_ccm.
490 _aSeries .3
500 _aSession .16 . of third lok sabha
700 _aINDIA, LOK SABHA
_998268
942 _hW,32m2,N.N66, K6.40-62
_cGB
_2CC
999 _c600692
_d600692